|
|
|
|
| LEADER |
00000nam a22000007a 4500 |
| 005 |
2019091002392.0 |
| 007 |
cr|||| |||| |
| 008 |
190910s2019 br |||||s|||| 00||0 por d |
| 020 |
|
|
|a 978-85-361-9985-6
|
| 035 |
|
|
|a 30249
|
| 040 |
|
|
|a vLex
|
| 090 |
|
|
|c 9465
|d 9465
|
| 100 |
1 |
|
|a Bezerra Leite, Carlos Henrique
|
| 245 |
1 |
0 |
|a Direito e Processo do Trabalho
|h [Recurso electrn̤ico] :
|b Homenagem a Armando Casimiro Costa Filho /
|c Carlos Henrique Bezerra Leite, Vitor Salino de Moura Eȧ
|
| 256 |
|
|
|a Servicio en ln̕ea
|
| 260 |
|
|
|a San Pablo:
|b LTR,
|c 2019
|
| 300 |
|
|
|a 1 recurso electrn̤ico
|
| 506 |
1 |
|
|a Disponible solo en los productos indicados
|d vLex Global
|d vLex Global (Academic Edition, excluding Law Schools)
|d vLex Global (U.S. Academic Edition, Law Schools)
|d vLex Global (U.S. Academic Edition, excluding Law Schools)
|d vLex Global (Academic Edition, Law Schools)
|
| 650 |
0 |
4 |
|a Procedimiento Laboral
|z Brasil
|
| 700 |
1 |
|
|a Salino de Moura Eȧ, Vitor
|
| 740 |
0 |
|
|a vLex Libros (Servicio en ln̕ea)
|
| 856 |
4 |
0 |
|u http://vlex.com/source/direito-processo-trabalho-homenagem-armando-casimiro-costa-filho-30249
|z Acceso restringido
|
| 942 |
|
|
|c BOOK
|
| 999 |
0 |
|
|a Labor Procedure
|